[Event "Berlin Teschner Memorial"]
[Site "Berlin"]
[Date "2022.05.26"]
[Round "1"]
[White "Van den Doel, Erik"]
[Black "Hofmeister, Frank"]
[Result "1-0"]
[WhiteElo "2581"]
[BlackElo "1842"]
[PlyCount "45"]
[EventDate "2022.05.26"]
[EventType "swiss"]
[EventRounds "7"]
[EventCountry "GER"]
[SourceTitle "CBM 208 Extra"]
[Source "ChessBase"]
[SourceDate "2022.07.31"]
[SourceVersion "1"]
[SourceVersionDate "2022.07.31"]
[SourceQuality "1"]

1. e4 c5 2. Nf3 Nc6 3. Bb5 g6 4. 0-0 Bg7 5. c3 Qb6 6. Bc4 e6 7. Bb3 Nge7 8. Qe2 d6 9. d3 0-0 10. Be3 a5 11. Ba4 Qa6 12. Na3 Na7 13. c4 Qb6 14. Rab1 Qb4 15. Bb5 Nxb5 16. Nxb5 Bd7 17. a3 Qb3 18. Nd2 Qa2 19. Nxd6 b6 20. f4 Rad8 21. e5 Nf5 22. N6e4 Nd4 23. Qd1 1-0

[Event "Berlin-ch Seniors op 37th"]
[Site "Berlin"]
[Date "2021.06.12"]
[Round "5"]
[White "Hofmeister, Frank"]
[Black "Seyfried, Claus"]
[Result "1-0"]
[WhiteElo "1888"]
[BlackElo "2114"]
[PlyCount "52"]
[EventDate "2021.06.08"]
[EventType "swiss"]
[EventRounds "9"]
[EventCountry "GER"]
[SourceTitle "EXT 2022"]
[Source "ChessBase"]
[SourceDate "2021.10.06"]
[SourceVersion "1"]
[SourceVersionDate "2021.10.06"]
[SourceQuality "1"]

1. e4 e6 2. d4 d5 3. exd5 exd5 4. Bd3 Bd6 5. Ne2 Nc6 6. 0-0 Nb4 7. Bb5+ c6 8. Ba4 Ne7 9. c3 Na6 10. Nd2 0-0 11. c4 dxc4 12. Nxc4 Bc7 13. Bb3 Be6 14. Nf4 Bf5 15. Qf3 Qxd4 16. Rd1 Qf6 17. Ne3 Rad8 18. Bd2 Qe5 19. Nc4 Qe4 20. Qxe4 Bxe4 21. Re1 Bxf4 22. Bxf4 Rd4 23. Be5 Rfd8 24. Bxd4 Rxd4 25. f3 Bd3 26. Rxe7 Kf8 1-0

[Event "Berlin-ch Seniors op 37th"]
[Site "Berlin"]
[Date "2021.06.09"]
[Round "2"]
[White "Schindler, Rudolf"]
[Black "Hofmeister, Frank"]
[Result "0-1"]
[WhiteElo "1761"]
[BlackElo "1888"]
[PlyCount "58"]
[EventDate "2021.06.08"]
[EventType "swiss"]
[EventRounds "9"]
[EventCountry "GER"]
[SourceTitle "EXT 2022"]
[Source "ChessBase"]
[SourceDate "2021.10.06"]
[SourceVersion "1"]
[SourceVersionDate "2021.10.06"]
[SourceQuality "1"]

1. Nf3 c5 2. c4 Nc6 3. d4 cxd4 4. Nxd4 g6 5. Nc3 Bg7 6. Nc2 d6 7. e4 Be6 8. Be2 Rc8 9. Nd5 Ne5 10. Nce3 Nf6 11. f3 0-0 12. 0-0 Nfd7 13. f4 Nc6 14. f5 Bxd5 15. cxd5 Nce5 16. fxg6 hxg6 17. Ng4 Nc5 18. Nxe5 Bxe5 19. Bf3 Qb6 20. Kh1 Kg7 21. g3 Rh8 22. Kg2 Qb4 23. Qe2 Qa4 24. Bf4 Nd7 25. b3 Qa3 26. Bc1 Qa6 27. Qxa6 bxa6 28. Rb1 Rc2+ 29. Kg1 Bd4+ 0-1

[Event "Berlin-ch Seniors op 37th"]
[Site "Berlin"]
[Date "2021.06.08"]
[Round "1"]
[White "Hofmeister, Frank"]
[Black "Theilig, Reinhard"]
[Result "1/2-1/2"]
[WhiteElo "1888"]
[BlackElo "1582"]
[PlyCount "74"]
[EventDate "2021.06.08"]
[EventType "swiss"]
[EventRounds "9"]
[EventCountry "GER"]
[SourceTitle "EXT 2022"]
[Source "ChessBase"]
[SourceDate "2021.10.06"]
[SourceVersion "1"]
[SourceVersionDate "2021.10.06"]
[SourceQuality "1"]

1. e4 d6 2. d4 Nf6 3. Nc3 g6 4. Bg5 h6 5. Bh4 Bg7 6. f4 0-0 7. Nf3 c6 8. h3 Qa5 9. Bd3 Re8 10. Nd2 Qh5 11. Qxh5 Nxh5 12. Ne2 e5 13. dxe5 dxe5 14. fxe5 Bxe5 15. Nc4 Bc7 16. 0-0 g5 17. Be1 b5 18. Nd2 Na6 19. g4 Nf4 20. Nxf4 Bxf4 21. Nb3 Bd7 22. a4 Nc7 23. Nc5 Be3+ 24. Bf2 Bxc5 25. Bxc5 Ne6 26. Be3 bxa4 27. Rxa4 c5 28. Ra5 Rec8 29. Bc4 Rc7 30. Rfa1 Nd4 31. Bxd4 cxd4 32. Bd5 Bc6 33. Rc1 Bxd5 34. Rxd5 Rac8 35. Rxd4 Rxc2 36. Rxc2 Rxc2 37. b4 Rb2 1/2-1/2

[Event "GER Cup Net V2 U2000"]
[Site "Playchess.com INT"]
[Date "2020.05.22"]
[Round "6"]
[White "Kellner, Rene"]
[Black "Hofmeister, Frank"]
[Result "0-1"]
[WhiteElo "1456"]
[BlackElo "1432"]
[PlyCount "58"]
[EventDate "2020.05.22"]
[EventType "swiss (blitz)"]
[EventRounds "9"]
[EventCountry "GER"]
[SourceTitle "EXT 2021"]
[Source "ChessBase"]
[SourceDate "2020.10.23"]
[SourceVersion "1"]
[SourceVersionDate "2020.10.23"]
[SourceQuality "1"]

1. e4 c5 2. Nc3 Nc6 3. f4 g6 4. Bb5 Bg7 5. Nf3 Nf6 6. d3 0-0 7. 0-0 Qb6 8. Bxc6 bxc6 9. Kh1 d5 10. f5 d4 11. Ne2 Nd7 12. Qe1 Ne5 13. Ng5 h6 14. Nf3 Nxf3 15. Rxf3 g5 16. Qg3 Qb8 17. Qg4 f6 18. Rg3 e6 19. h4 exf5 20. exf5 Qe5 21. hxg5 Bxf5 22. Qh5 fxg5 23. Bxg5 hxg5 24. Qxg5 Qf6 25. Qf4 Rae8 26. Qf3 Bd7 27. Qh5 Re5 28. Qg6 Qxg6 29. Rxg6 Rxe2 0-1

[Event "GER Cup Net V2 U2000"]
[Site "Playchess.com INT"]
[Date "2020.05.22"]
[Round "3"]
[White "Nithammer, Wolfgang"]
[Black "Hofmeister, Frank"]
[Result "1-0"]
[WhiteElo "1670"]
[BlackElo "1467"]
[PlyCount "49"]
[EventDate "2020.05.22"]
[EventType "swiss (blitz)"]
[EventRounds "9"]
[EventCountry "GER"]
[SourceTitle "EXT 2021"]
[Source "ChessBase"]
[SourceDate "2020.10.23"]
[SourceVersion "1"]
[SourceVersionDate "2020.10.23"]
[SourceQuality "1"]

1. e4 c5 2. Nc3 Nc6 3. d3 g6 4. Be3 Bg7 5. Bxc5 Qa5 6. Be3 Bxc3+ 7. bxc3 Qxc3+ 8. Bd2 Qf6 9. Ne2 e6 10. Bc3 e5 11. f4 d6 12. fxe5 dxe5 13. Ng3 Nh6 14. Be2 0-0 15. Qd2 Be6 16. Qxh6 Rfc8 17. Rf1 Qg7 18. Qxg7+ Kxg7 19. Bb2 Nd4 20. Bxd4 exd4 21. Kd2 Rc6 22. Rfc1 Rac8 23. e5 h5 24. Bf3 Ra6 25. Bxb7 1-0

[Event "GER Cup Net V1 U2000"]
[Site "Playchess.com INT"]
[Date "2020.05.19"]
[Round "2"]
[White "Hofmeister, Frank"]
[Black "Marten, Gero"]
[Result "0-1"]
[WhiteElo "1488"]
[BlackElo "1683"]
[PlyCount "32"]
[EventDate "2020.05.19"]
[EventType "swiss (blitz)"]
[EventRounds "9"]
[EventCountry "GER"]
[SourceTitle "EXT 2021"]
[Source "ChessBase"]
[SourceDate "2020.10.23"]
[SourceVersion "1"]
[SourceVersionDate "2020.10.23"]
[SourceQuality "1"]

1. e4 c5 2. Nf3 Nc6 3. d4 cxd4 4. Nxd4 Nf6 5. Nc3 e5 6. Nb3 Bb4 7. Bd3 d5 8. 0-0 Bxc3 9. bxc3 dxe4 10. Bb5 Bd7 11. Nc5 0-0 12. Re1 Qb6 13. Nxd7 Nxd7 14. Qxd7 Qxb5 15. Rxe4 Rad8 16. Qg4 f5 0-1

[Event "GER-ch Net Amateur Gr-B Vor3"]
[Site "Playchess.com INT"]
[Date "2020.04.16"]
[Round "9"]
[White "Sossna, Gerald"]
[Black "Hofmeister, Frank"]
[Result "0-1"]
[WhiteElo "1573"]
[BlackElo "1468"]
[PlyCount "44"]
[EventDate "2020.04.16"]
[EventType "swiss (blitz)"]
[EventRounds "9"]
[EventCountry "GER"]
[SourceTitle "CBM 195 Extra"]
[Source "ChessBase"]
[SourceDate "2020.05.31"]
[SourceVersion "1"]
[SourceVersionDate "2020.05.31"]
[SourceQuality "1"]

1. e4 c5 2. Nf3 Nc6 3. d4 cxd4 4. Nxd4 g6 5. Nc3 Bg7 6. Be3 Nf6 7. f3 Qb6 8. Rb1 Nxe4 9. Nf5 Nxc3 10. Nxg7+ Kf8 11. Bxb6 Nxd1 12. Rxd1 axb6 13. a3 Kxg7 14. Bd3 d6 15. 0-0 Ne5 16. Be4 f5 17. Bd5 e6 18. Bb3 d5 19. f4 Nc6 20. c3 Na5 21. Bc2 Nc4 22. Rb1 Nd2 0-1

[Event "GER-ch Net Amateur Gr-B Vor2"]
[Site "Playchess.com INT"]
[Date "2020.04.15"]
[Round "4"]
[White "Hofmeister, Frank"]
[Black "Hesse, Achim"]
[Result "0-1"]
[WhiteElo "1553"]
[BlackElo "1551"]
[PlyCount "114"]
[EventDate "2020.04.15"]
[EventType "swiss (blitz)"]
[EventRounds "9"]
[EventCountry "GER"]
[SourceTitle "CBM 196 Extra"]
[Source "ChessBase"]
[SourceDate "2020.07.31"]
[SourceVersion "1"]
[SourceVersionDate "2020.07.31"]
[SourceQuality "1"]

1. e4 c5 2. Nf3 d6 3. d4 cxd4 4. Nxd4 Nf6 5. Nc3 g6 6. Be3 a6 7. Be2 Bg7 8. 0-0 Bd7 9. Nb3 0-0 10. Qd2 Nc6 11. Bh6 Rc8 12. Bxg7 Kxg7 13. Kh1 Qb6 14. f4 h6 15. Bf3 Bg4 16. Bxg4 Nxg4 17. h3 Nf6 18. Rae1 Nh5 19. Nd5 Qd8 20. Qf2 e6 21. Ne3 Nb4 22. c3 Nd3 23. Qf3 Nxe1 24. Rxe1 Qd7 25. g4 Nf6 26. Rd1 Qc6 27. Kg2 Qxe4 28. Rxd6 Qxf3+ 29. Kxf3 Rfd8 30. Rxd8 Rxd8 31. Nd4 Nd5 32. Nc4 b5 33. Ne5 Kf8 34. Nec6 Rc8 35. Ne5 Ke7 36. h4 b4 37. c4 Nb6 38. b3 a5 39. Ndc6+ Kd6 40. Nxa5 Ra8 41. Nb7+ Kc7 42. Nc5 Rxa2 43. Nxf7 Nd7 44. Nxe6+ Kb6 45. Nxh6 Ra3 46. Nc5 Nxc5 47. h5 Rxb3+ 48. Ke2 gxh5 49. gxh5 Ne6 50. f5 Nf8 51. f6 Rb2+ 52. Kd3 Rh2 53. Nf7 Rxh5 54. Nd6 Rh3+ 55. Ke4 Nd7 56. Kd5 Nxf6+ 57. Ke6 Ng4 0-1

[Event "GER-ch Net Amateur Gr-B Vor2"]
[Site "Playchess.com INT"]
[Date "2020.04.15"]
[Round "6"]
[White "Hofmeister, Frank"]
[Black "Kanbach, Mike"]
[Result "1-0"]
[WhiteElo "1551"]
[BlackElo "1494"]
[PlyCount "81"]
[EventDate "2020.04.15"]
[EventType "swiss (blitz)"]
[EventRounds "9"]
[EventCountry "GER"]
[SourceTitle "CBM 196 Extra"]
[Source "ChessBase"]
[SourceDate "2020.07.31"]
[SourceVersion "1"]
[SourceVersionDate "2020.07.31"]
[SourceQuality "1"]

1. e4 e6 2. d4 d5 3. exd5 exd5 4. Bd3 Nc6 5. Nf3 Bd6 6. 0-0 Nge7 7. c3 Bg4 8. h3 Bh5 9. Nbd2 Qd7 10. Qc2 Bg6 11. Re1 0-0-0 12. b4 Kb8 13. b5 Na5 14. Nb3 Nc4 15. Bxg6 hxg6 16. Ne5 Bxe5 17. dxe5 Rh5 18. Nc5 Qf5 19. Qxf5 Rxf5 20. e6 fxe6 21. Rxe6 Nc8 22. Rxg6 Rdf8 23. f3 R5f7 24. h4 N8d6 25. Bg5 Nf5 26. Rd1 Nce3 27. Bxe3 Nxe3 28. Rd3 Re7 29. Rxe3 Ref7 30. Rd3 c6 31. bxc6 bxc6 32. Ne6 Re8 33. Nd4 Re1+ 34. Kh2 Rb1 35. Nxc6+ Kc7 36. Ne5 Re7 37. f4 Rb2 38. Rxd5 Rxa2 39. Rc6+ Kb7 40. Rb5+ Ka8 41. Rc8# 1-0

[Event "GER-ch Net Amateur Gr-B Vor2"]
[Site "Playchess.com INT"]
[Date "2020.04.15"]
[Round "3"]
[White "Hofmeister, Frank"]
[Black "Radeke, Wolfgang"]
[Result "0-1"]
[WhiteElo "1610"]
[BlackElo "1535"]
[PlyCount "52"]
[EventDate "2020.04.15"]
[EventType "swiss (blitz)"]
[EventRounds "9"]
[EventCountry "GER"]
[SourceTitle "CBM 196 Extra"]
[Source "ChessBase"]
[SourceDate "2020.07.31"]
[SourceVersion "1"]
[SourceVersionDate "2020.07.31"]
[SourceQuality "1"]

1. e4 c5 2. Nf3 g6 3. d4 cxd4 4. Nxd4 Bg7 5. c3 Nc6 6. Be2 d6 7. 0-0 Nxd4 8. cxd4 Qb6 9. d5 Bxb2 10. Bxb2 Qxb2 11. Nd2 Qd4 12. Rb1 Nf6 13. Bb5+ Bd7 14. Bxd7+ Nxd7 15. Rxb7 Nc5 16. Rb1 Nxe4 17. Nxe4 Qxe4 18. Re1 Qf5 19. Rb7 0-0 20. Rexe7 Rac8 21. g4 Qf6 22. Rxa7 Rb8 23. h3 Rb2 24. Qe1 Qf3 25. Rxf7 Rxf7 26. Qe8+ Kg7 0-1

[Event "GER-ch Net Amateur Gr-B Vor2"]
[Site "Playchess.com INT"]
[Date "2020.04.15"]
[Round "7"]
[White "Udelnov, Valentin"]
[Black "Hofmeister, Frank"]
[Result "1-0"]
[WhiteElo "1569"]
[BlackElo "1584"]
[PlyCount "95"]
[EventDate "2020.04.15"]
[EventType "swiss (blitz)"]
[EventRounds "9"]
[EventCountry "GER"]
[SourceTitle "CBM 196 Extra"]
[Source "ChessBase"]
[SourceDate "2020.07.31"]
[SourceVersion "1"]
[SourceVersionDate "2020.07.31"]
[SourceQuality "1"]

1. e4 c5 2. Nf3 Nc6 3. d4 cxd4 4. Nxd4 g6 5. Nc3 Bg7 6. Be3 Nf6 7. f3 Qb6 8. Nf5 Qxb2 9. Nxg7+ Kf8 10. Bh6 Qxc3+ 11. Kf2 Kg8 12. Bd3 Qd4+ 13. Ke2 Qe5 14. Qd2 Nd4+ 15. Kf2 d5 16. Bf4 Nxe4+ 17. fxe4 Qxg7 18. Rhf1 e5 19. Bh6 Qf6+ 20. Kg1 Qc6 21. Rf2 dxe4 22. Raf1 Be6 23. Be2 f5 24. Qg5 Nxe2+ 25. Rxe2 Bc4 26. Rd1 Bxe2 27. Rd8+ Rxd8 28. Qxd8+ Kf7 29. Qxh8 Qc5+ 30. Kh1 Ke6 31. Qg8+ Kd6 32. Bf8+ Kc6 33. Bxc5 Kxc5 34. Qf8+ Kc4 35. Qc8+ Kd4 36. Qxb7 Ke3 37. Qxa7+ Kf4 38. a4 e3 39. a5 Bd1 40. Qa6 e2 41. Qc4+ e4 42. Qc3 Kg5 43. g3 f4 44. gxf4+ Kxf4 45. a6 e3 46. a7 Kf3 47. a8Q+ Kf2 48. Qf8# 1-0

[Event "GER-ch Net Amateur Gr-B Vor1"]
[Site "Playchess.com INT"]
[Date "2020.04.14"]
[Round "1"]
[White "Hofmeister, Frank"]
[Black "Banzhaf, Steffen"]
[Result "1-0"]
[WhiteElo "1620"]
[BlackElo "1436"]
[PlyCount "105"]
[EventDate "2020.04.14"]
[EventType "swiss (blitz)"]
[EventRounds "9"]
[EventCountry "GER"]
[SourceTitle "EXT 2021"]
[Source "ChessBase"]
[SourceDate "2020.10.23"]
[SourceVersion "1"]
[SourceVersionDate "2020.10.23"]
[SourceQuality "1"]

1. e4 e5 2. Nf3 Nc6 3. Bc4 Nf6 4. d3 Be7 5. 0-0 d6 6. Nc3 0-0 7. a3 a6 8. Nd5 Nxd5 9. Bxd5 Nd4 10. Nxd4 exd4 11. f4 c6 12. Ba2 Be6 13. f5 Bxa2 14. Rxa2 Bg5 15. Qg4 Bxc1 16. Rxc1 Qf6 17. b4 c5 18. Qf4 Qe5 19. Rf1 b6 20. Raa1 a5 21. g4 Qxf4 22. Rxf4 axb4 23. Rff1 bxa3 24. Rfb1 Rfb8 25. Rb3 b5 26. Rbxa3 Rxa3 27. Rxa3 f6 28. Ra6 Rd8 29. Kf2 Kf7 30. Ke2 Rd7 31. Kd2 Ke7 32. Kc1 Rb7 33. Kb2 g6 34. Kb3 gxf5 35. gxf5 Kf7 36. Rxd6 Ke7 37. Rc6 c4+ 38. dxc4 bxc4+ 39. Kxc4 Rd7 40. Re6+ Kf7 41. Rc6 h5 42. Rc5 Ra7 43. Kxd4 Ra1 44. Rc7+ Kg8 45. Kd5 Rh1 46. Ke6 Rxh2 47. Kxf6 Re2 48. e5 h4 49. Rc3 h3 50. Rxh3 Rxc2 51. e6 Rc6 52. Rd3 Kf8 53. Rd8# 1-0

[Event "GER-ch Net Amateur Gr-B Vor1"]
[Site "Playchess.com INT"]
[Date "2020.04.14"]
[Round "3"]
[White "Hofmeister, Frank"]
[Black "Hoppe, Frank"]
[Result "1-0"]
[WhiteElo "1620"]
[BlackElo "1839"]
[PlyCount "215"]
[EventDate "2020.04.14"]
[EventType "swiss (blitz)"]
[EventRounds "9"]
[EventCountry "GER"]
[SourceTitle "EXT 2021"]
[Source "ChessBase"]
[SourceDate "2020.10.23"]
[SourceVersion "1"]
[SourceVersionDate "2020.10.23"]
[SourceQuality "1"]

1. e4 c5 2. Nf3 Nc6 3. d4 cxd4 4. Nxd4 e5 5. Nb5 a6 6. Nd6+ Bxd6 7. Qxd6 Qf6 8. Qd3 Nge7 9. Nc3 Nb4 10. Qd1 0-0 11. a3 Nbc6 12. Bc4 d6 13. 0-0 Rd8 14. Nd5 Nxd5 15. Bxd5 Ne7 16. c4 Rb8 17. Bd2 b5 18. Ba5 Rd7 19. cxb5 Rxb5 20. b4 Bb7 21. Bxb7 Rbxb7 22. Qd3 d5 23. exd5 Nxd5 24. Rac1 g6 25. Rc8+ Kg7 26. Re1 Nf4 27. Qf3 Qg5 28. Rc5 Re7 29. g3 Nh3+ 30. Kg2 Qh6 31. Qg4 Ng5 32. Rcxe5 Ne6 33. Bd8 Red7 34. Bg5 Qh5 35. Qxh5 gxh5 36. Be3 Kg6 37. h4 h6 38. Rc1 Rd3 39. a4 Rxb4 40. Rc6 Rxa4 41. Rc8 Ra2 42. Rg8+ Kh7 43. Ra8 a5 44. Raxa5 Rxa5 45. Rxa5 Kg6 46. Ra8 Rb3 47. Rh8 Ng7 48. Rxh6+ Kf5 49. Rh7 Kg6 50. Rh8 f5 51. Bd4 Ne6 52. Rg8+ Kh6 53. Be3+ Kh7 54. Re8 Ng7 55. Re7 Kg6 56. Kf3 Kf6 57. Ra7 Ne6 58. Kg2 Ke5 59. Re7 Kd6 60. Rh7 Ke5 61. Rxh5 Ng7 62. Rh7 Ne6 63. h5 f4 64. gxf4+ Nxf4+ 65. Bxf4+ Kxf4 66. Ra7 Kg5 67. Ra5+ Kh6 68. f3 Rc3 69. Kg3 Rb3 70. Kg4 Rb4+ 71. f4 Rb1 72. Ra6+ Kh7 73. Kg5 Rg1+ 74. Kf5 Kg7 75. h6+ Kh7 76. Kf6 Kxh6 77. Kf7+ Kh7 78. f5 Re1 79. f6 Re2 80. Ra1 Kh6 81. Rh1+ Kg5 82. Kg7 Kf5 83. f7 Rg2+ 84. Kf8 Ke6 85. Re1+ Kd7 86. Rd1+ Kc6 87. Ke8 Re2+ 88. Kd8 Rf2 89. Ke8 Re2+ 90. Kf8 Rg2 91. Re1 Kd7 92. Re3 Kd8 93. Rd3+ Kc7 94. Ke8 Re2+ 95. Kf8 Rg2 96. Re3 Kd7 97. Re1 Rg3 98. Rd1+ Kc7 99. Ke7 Re3+ 100. Kf8 Rg3 101. Rd4 Rg2 102. Ke7 Re2+ 103. Kf6 Rf2+ 104. Ke6 Re2+ 105. Kf5 Rf2+ 106. Rf4 Rxf4+ 107. Kxf4 Kd7 108. f8Q 1-0

[Event "GER-ch Net Amateur Gr-B Vor1"]
[Site "Playchess.com INT"]
[Date "2020.04.14"]
[Round "7"]
[White "Hofmeister, Frank"]
[Black "Koentges, Markus"]
[Result "0-1"]
[WhiteElo "1720"]
[BlackElo "1747"]
[PlyCount "74"]
[EventDate "2020.04.14"]
[EventType "swiss (blitz)"]
[EventRounds "9"]
[EventCountry "GER"]
[SourceTitle "EXT 2021"]
[Source "ChessBase"]
[SourceDate "2020.10.23"]
[SourceVersion "1"]
[SourceVersionDate "2020.10.23"]
[SourceQuality "1"]

1. e4 e5 2. Nf3 Nc6 3. Bc4 Bc5 4. c3 Nf6 5. d3 a6 6. b4 Ba7 7. Bg5 d6 8. h3 h6 9. Bh4 g5 10. Bg3 Qe7 11. Nbd2 Be6 12. Qb3 0-0-0 13. a4 Bxc4 14. Qxc4 Qe6 15. b5 Qxc4 16. Nxc4 Ne7 17. bxa6 bxa6 18. Rb1 Nh5 19. Bh2 Kd7 20. Ke2 Rb8 21. Nfd2 f6 22. g4 Ng7 23. Ne3 Ne6 24. Nf5 Nxf5 25. gxf5 Nc5 26. a5 Na4 27. Rbc1 Rb2 28. Rhd1 Rhb8 29. Ke1 R8b5 30. Nc4 Ra2 31. Rd2 Rxd2 32. Kxd2 c6 33. f3 d5 34. exd5 cxd5 35. Na3 Rxa5 36. Ra1 Nc5 37. Nc2 Nb3+ 0-1

[Event "GER-ch Net Amateur Gr-B Vor1"]
[Site "Playchess.com INT"]
[Date "2020.04.14"]
[Round "9"]
[White "Schmitt, Carsten1111"]
[Black "Hofmeister, Frank"]
[Result "1-0"]
[WhiteElo "1771"]
[BlackElo "1697"]
[PlyCount "65"]
[EventDate "2020.04.14"]
[EventType "swiss (blitz)"]
[EventRounds "9"]
[EventCountry "GER"]
[SourceTitle "EXT 2021"]
[Source "ChessBase"]
[SourceDate "2020.10.23"]
[SourceVersion "1"]
[SourceVersionDate "2020.10.23"]
[SourceQuality "1"]

1. c4 c5 2. g3 Nc6 3. Bg2 g6 4. Nc3 Bg7 5. a3 Nf6 6. e4 0-0 7. Nge2 d6 8. 0-0 e5 9. d3 Nd4 10. h3 a6 11. f4 Nd7 12. f5 Rb8 13. Nd5 b5 14. Be3 Bb7 15. Qd2 Nb3 16. Qc2 Nxa1 17. Rxa1 Bxd5 18. exd5 bxc4 19. dxc4 e4 20. Nc3 Ne5 21. Nxe4 gxf5 22. Ng5 h6 23. Qxf5 hxg5 24. Bxg5 f6 25. Be4 fxg5 26. Qh7+ Kf7 27. Rf1+ Ke8 28. Bg6+ Kd7 29. Qxg7+ Kc8 30. Bf5+ Nd7 31. Bxd7+ Qxd7 32. Rxf8+ Kc7 33. Rf7 1-0

[Event "Berlin Lichtenrade op 15th"]
[Site "Berlin"]
[Date "2019.10.13"]
[Round "2"]
[White "Hofmeister, Frank"]
[Black "Arndt, Uwe"]
[Result "1-0"]
[WhiteElo "1827"]
[BlackElo "1942"]
[PlyCount "77"]
[EventDate "2019.10.12"]
[EventType "swiss"]
[EventRounds "9"]
[EventCountry "GER"]
[SourceTitle "CBM 195 Extra"]
[Source "ChessBase"]
[SourceDate "2020.05.31"]
[SourceVersion "1"]
[SourceVersionDate "2020.05.31"]
[SourceQuality "1"]

1. e4 c6 2. d4 d5 3. e5 c5 4. dxc5 Nc6 5. Bb5 e6 6. Be3 Nge7 7. c3 Bd7 8. Bxc6 Nxc6 9. f4 Be7 10. Nf3 0-0 11. 0-0 Qc7 12. b4 f6 13. Bd4 a5 14. Qd2 axb4 15. cxb4 Ra4 16. a3 Rfa8 17. Nc3 Nxd4 18. Nxd4 R4a6 19. Ncb5 Qb8 20. Qe2 Be8 21. Rfc1 Bg6 22. Rc3 Qc8 23. Rac1 fxe5 24. fxe5 Bg5 25. Rf1 Qd7 26. Qg4 Be7 27. Rcf3 Rf8 28. Nd6 Rxf3 29. Rxf3 Bxd6 30. cxd6 Bf7 31. Rc3 h5 32. Qh4 Qa4 33. h3 Qd1+ 34. Kh2 Qd2 35. Rc8+ Kh7 36. d7 Rxa3 37. d8Q Ra2 38. Qh8+ Kg6 39. Q8xh5# 1-0